| Tag |
First Indicator |
Second Indicator |
Subfields |
| LEADER |
00000cam a2200000 a 4500 |
| 001 |
in00000072689 |
| 005 |
20151008054606.0 |
| 008 |
790322s1976 onc b f00010 eng d |
| 020 |
|
|
|a 0660008793 :
|c $3.00
|
| 035 |
|
|
|a (OCoLC)04767300
|
| 035 |
|
|
|9 AAJ1109AM
|
| 040 |
|
|
|a TVA
|c TVA
|d OCL
|d m.c.
|d TXA
|d UtOrBLW
|
| 041 |
0 |
|
|a eng
|a fre
|
| 043 |
|
|
|a n-cn---
|
| 049 |
|
|
|a TXAM
|c 1 [1406953], 2 [A08997494]
|
| 090 |
|
|
|a TD226
|b .H35
|
| 092 |
|
|
|a 363.61
|b H21a
|
| 100 |
1 |
|
|a Hamilton, R. D.
|
| 245 |
1 |
0 |
|a Aquatic environmental quality :
|b toxicology /
|c by R.D. Hamilton.
|
| 264 |
|
1 |
|a Ottawa :
|b Fisheries and Environment Canada, Fisheries and Marine Service, Scientific Information and Publications Branch,
|c 1976.
|
| 300 |
|
|
|a 18, 20 pages ;
|c 26 cm.
|
| 336 |
|
|
|a text
|b txt
|2 rdacontent
|
| 337 |
|
|
|a unmediated
|b n
|2 rdamedia
|
| 338 |
|
|
|a volume
|b nc
|2 rdacarrier
|
| 490 |
1 |
|
|a Fisheries Research Board of Canada reports ;
|v 13
|
| 500 |
|
|
|a Cover title.
|
| 500 |
|
|
|a Title on back cover: Qualite de l'environment aquatique: Toxicologie.
|
| 500 |
|
|
|a English and French.
|
| 504 |
|
|
|a Bibliography: pages 17-18 (1st group); pages 19-20 (2nd group).
|
| 650 |
|
0 |
|a Water quality
|z Canada.
|
| 650 |
|
0 |
|a Water
|x Pollution
|z Canada.
|
| 740 |
0 |
|
|a Qualite de l'environment aquatique.
|
| 830 |
|
0 |
|a Fisheries Research Board of Canada reports ;
|v 13.
|
| 999 |
|
|
|a MARS
|
| 999 |
f |
f |
|s 1d217fc8-591d-3e75-a333-3fe7e7c5da80
|i 167ccfcb-94d8-3ab8-a326-a2f223c16b98
|t 0
|
| 952 |
f |
f |
|p ric
|a Texas A&M University
|b Rellis Campus
|c Joint Library Facility
|d Remote Storage
|t 0
|e TD226 .H35
|h Library of Congress classification
|i unmediated -- volume
|m A14808997494
|
| 998 |
f |
f |
|a TD226 .H35
|t 0
|l Remote Storage
|